|
|
|
|
| LEADER |
01782nam a22004212a 4500 |
| 001 |
000177551 |
| 003 |
CZ BrMZK |
| 005 |
20230610160359.0 |
| 007 |
ta |
| 008 |
970107s1993 xr f cze d |
| 015 |
|
|
|a cnb000075005
|
| 020 |
|
|
|a 80-7051-064-1
|q (brož.)
|
| 035 |
|
|
|a (OCoLC)39592855
|
| 040 |
|
|
|a ABA001
|b cze
|
| 043 |
|
|
|a e-cz-ms
|
| 045 |
|
|
|a x8x9
|
| 080 |
9 |
|
|a 502
|
| 080 |
9 |
|
|a 016
|
| 100 |
1 |
|
|a Blaha, Jan
|7 jo2003204265
|4 aut
|
| 245 |
1 |
0 |
|a Ochrana přírody na jižní Moravě.
|n Sv. 9,
|p Maloplošná chráněná území a klidové oblasti : výběrová bibliografie 1981-1991 /
|c zpracoval Jan Blaha
|
| 246 |
3 |
|
|a Ochrana přírody v Jihomoravském kraji
|
| 246 |
3 |
0 |
|a Maloplošná chráněná území a klidové oblasti
|
| 260 |
|
|
|a Brno :
|b Státní vědecká knihovna,
|c 1993
|
| 300 |
|
|
|a 134 s. ;
|c 21 cm
|
| 500 |
|
|
|a Obsahuje rejstříky
|
| 500 |
|
|
|a 250 výt.
|
| 651 |
|
7 |
|a Morava jižní (Česko)
|7 ge130073
|2 czenas
|
| 653 |
0 |
|
|a klidové oblasti
|a maloplošná chráněná území
|a ochrana přírody
|
| 655 |
|
7 |
|a bibliografie
|7 fd131898
|2 czenas
|
| 856 |
4 |
1 |
|u http://www.digitalniknihovna.cz/mzk/uuid/uuid:873cb630-5968-11e2-a66b-005056827e52
|y Digitalizovaný dokument
|x NDK
|
| 910 |
|
|
|a BOA001
|b PK-0092.813,9
|b 2-0845.170,9
|
| 920 |
|
|
|a 000007796
|
| 990 |
|
|
|a BK
|
| 991 |
|
|
|b 200506
|
| 996 |
7 |
|
|b 2610002462
|c 2-0845.170,9
|l MZK
|r Sklad / do 1 hodiny
|n 25
|p p.v.
|w 000177551
|u 000020
|a 1
|e BOA001
|j MZK50
|s A
|
| 996 |
7 |
|
|b 2610002463
|c 2-0845.170,9
|l MZK
|r Sklad / do 1 hodiny
|n 3
|p p.v.
|w 000177551
|u 000030
|a 1
|e BOA001
|j MZK50
|s A
|
| 996 |
7 |
|
|b 2610002464
|c 2-0845.170,9
|l MZK
|r Sklad / do 1 hodiny
|n 10
|p p.v.
|w 000177551
|u 000040
|a 1
|e BOA001
|j MZK50
|s A
|
| 996 |
7 |
|
|b 3119945816
|c PK-0092.813,9
|l MZK
|r Sklad / do 1 hodiny
|n 1
|w 000177551
|u 000010
|a 1
|e BOA001
|j MZK50
|s A
|